|
|
|
|
| LEADER |
00000nam0a2200000 4500 |
| 001 |
329559 |
| 005 |
20231102004155.0 |
| 035 |
|
|
|a (RuTPU)RU\TPU\book\355319
|
| 035 |
|
|
|a RU\TPU\book\72594
|
| 090 |
|
|
|a 329559
|
| 100 |
|
|
|a 20170316d1964 m y0rusy50 ca
|
| 101 |
0 |
|
|a rus
|
| 102 |
|
|
|a RU
|
| 105 |
|
|
|a a j 000zy
|
| 200 |
1 |
|
|a Металлургические печи. Атлас
|e учебное пособие
|f В. И. Миткалинный [и др.]
|
| 205 |
|
|
|a 2-е изд., перераб.
|
| 210 |
|
|
|a Москва
|c Металлургия
|d 1964
|
| 215 |
|
|
|a 220 с.
|c ил.
|
| 606 |
1 |
|
|a Металлургические печи
|2 stltpush
|3 (RuTPU)RU\TPU\subj\72814
|9 86207
|
| 610 |
1 |
|
|a черная металлургия
|
| 610 |
1 |
|
|a плавильные агрегаты
|
| 610 |
1 |
|
|a нагревательные печи
|
| 610 |
1 |
|
|a термические печи
|
| 610 |
1 |
|
|a плавильные печи
|
| 610 |
1 |
|
|a электрические печи
|
| 610 |
1 |
|
|a элементы
|
| 610 |
1 |
|
|a схемы
|
| 610 |
1 |
|
|a печи
|
| 610 |
1 |
|
|a атласы
|
| 610 |
1 |
|
|a учебные пособия
|
| 675 |
|
|
|a 669.041(075.8)(084)
|v 3
|
| 701 |
|
1 |
|a Миткалинный
|b В. И.
|g Всеволод Иванович
|
| 701 |
|
1 |
|a Крапухин
|b В. В.
|
| 701 |
|
1 |
|a Ващенко
|b А. И.
|
| 701 |
|
1 |
|a Грановский
|b Б. Л.
|
| 702 |
|
1 |
|a Глинков
|b М. А.
|4 340
|
| 801 |
|
1 |
|a RU
|b 63413507
|c 20041001
|g PSBO
|
| 801 |
|
2 |
|a RU
|b 63413507
|c 20201026
|g PSBO
|
| 900 |
|
|
|a Перенос энергии и массы, основы теплотехники
|
| 942 |
|
|
|c BK
|